[Event "Titled Tue 17th Jun Early"]
[Site "chess.com INT"]
[Date "2025.06.17"]
[Round "5"]
[White "Stribuk, Artiom"]
[Black "Arabidze, Meri"]
[Result "1-0"]
[WhiteTitle "IM"]
[BlackTitle "IM"]
[WhiteElo "2460"]
[BlackElo "2440"]
[WhiteFideId "13515659"]
[BlackFideId "13604040"]
[EventDate "2025.06.17"]

1. Nf3 d5 2. g3 Nf6 3. Bg2 e6 4. O-O Be7 5. c4 dxc4 6. Qa4+ Nbd7 7. Qxc4 c5 8.
d3 O-O 9. Qb3 a6 10. a4 Nd5 11. Nc3 N7f6 12. Nxd5 Qxd5 13. Qc2 Qh5 14. a5 e5 15.
Be3 Be6 16. h4 Rac8 17. Bg5 h6 18. Bxf6 Bxf6 19. Nd2 Qxe2 20. Rfe1 Qg4 21. Bxb7
Rb8 22. Bxa6 Qh3 23. Bc4 e4 24. Nxe4 Bxb2 25. Rab1 Bd4 26. Rxb8 Rxb8 27. Bxe6
fxe6 28. a6 Ra8 29. Qc4 Kh8 30. Rb1 Qg4 31. Kg2 Rf8 32. Rf1 Qf3+ 33. Kg1 Qe2 34.
a7 Qb2 35. Qxe6 Qa3 36. Qd6 Rg8 37. h5 1-0

[Event "Titled Tue 17th Jun Early"]
[Site "chess.com INT"]
[Date "2025.06.17"]
[Round "5"]
[White "Hrabinska, Myroslava"]
[Black "Stefanov, Plamen"]
[Result "0-1"]
[WhiteTitle "WGM"]
[WhiteElo "2121"]
[BlackElo "1982"]
[WhiteFideId "14109190"]
[BlackFideId "2900980"]
[EventDate "2025.06.17"]

1. e4 d5 2. exd5 Nf6 3. Bb5+ Bd7 4. Bc4 Bg4 5. f3 Bc8 6. Nc3 Nbd7 7. d4 Nb6 8.
Bb3 Nfxd5 9. Nge2 e6 10. O-O Be7 11. Ne4 O-O 12. c4 Nf6 13. Be3 c6 14. Qd3 h6
15. Bc2 Nxe4 16. Qxe4 f5 17. Qd3 Bf6 18. Rad1 Qe7 19. Nf4 Qf7 20. Qc3 Rd8 21.
Nd3 g5 22. a4 Qg7 23. Ne5 c5 24. Qb3 cxd4 25. Bxd4 Rxd4 26. Rxd4 Bxe5 27. Rd8+
Kh7 28. Rfd1 Qc7 29. a5 Nxc4 30. Qb5 Bxh2+ 31. Kh1 Nd6 32. R1xd6 Bxd6 33. Qe8
Qxd8 34. Qxd8 Be5 35. Qe7+ Kg6 36. Qe8+ Kg7 37. Qe7+ Kg8 38. Qd8+ Kh7 39. Qe7+
Bg7 40. Bb3 b6 41. Qe8 Bb7 0-1

[Event "Titled Tue 17th Jun Early"]
[Site "chess.com INT"]
[Date "2025.06.17"]
[Round "5"]
[White "Peczely, Sebastian Zsombor"]
[Black "Sychev, Klementy"]
[Result "0-1"]
[WhiteTitle "FM"]
[BlackTitle "GM"]
[WhiteElo "2309"]
[BlackElo "2513"]
[WhiteFideId "750964"]
[BlackFideId "4114060"]
[EventDate "2025.06.17"]

1. e4 e5 2. Nf3 Nc6 3. Bb5 a6 4. Ba4 Nge7 5. d4 exd4 6. Nxd4 Nxd4 7. Qxd4 Nc6 8.
Qe3 Be7 9. Nc3 O-O 10. Bd2 d6 11. O-O-O b5 12. Bb3 Na5 13. Nd5 Nxb3+ 14. axb3
Be6 15. Nxe7+ Qxe7 16. Qg3 a5 17. f4 f6 18. Rhe1 a4 19. b4 Bf7 20. Bc3 Bh5 21.
Rd5 Bg6 22. e5 fxe5 23. fxe5 Qe6 24. Rxb5 Qf5 25. Qd3 Qf4+ 26. Qd2 Qf7 27. e6
Qe7 28. h4 a3 29. bxa3 Rxa3 30. h5 Be8 31. Rb7 Bc6 32. Bb2 Raa8 33. Rxc7 Qxc7
34. e7 Rf7 35. Qg5 Re8 36. b5 Rexe7 37. Rd1 Be8 38. h6 Rf2 39. Qd5+ Bf7 40. Qd3
Ree2 41. Bc3 Rxc2+ 42. Qxc2 Rxc2+ 43. Kxc2 Bg6+ 44. Kd2 Qc4 45. Re1 Qd3+ 0-1

[Event "Titled Tue 17th Jun Early"]
[Site "chess.com INT"]
[Date "2025.06.17"]
[Round "5"]
[White "Linares Orellana, Hector Jose"]
[Black "Xalmatov, Yakubjon"]
[Result "1-0"]
[WhiteTitle "FM"]
[BlackTitle "CM"]
[WhiteElo "2111"]
[BlackElo "2096"]
[WhiteFideId "7304307"]
[BlackFideId "14201615"]
[EventDate "2025.06.17"]

1. e4 e5 2. Nf3 Nc6 3. Bc4 Bc5 4. c3 Nf6 5. d3 d6 6. O-O Bb6 7. Be3 O-O 8. Nbd2
Bxe3 9. fxe3 d5 10. exd5 Nxd5 11. Re1 Re8 12. Nf1 Be6 13. Ng3 f6 14. Rc1 Qd7 15.
b4 a6 16. a4 Rad8 17. Qb3 Nb6 18. Bxe6+ Qxe6 19. c4 Kh8 20. Ne4 Nd7 21. Rcd1 b5
22. axb5 axb5 23. Nc3 bxc4 24. dxc4 Nb6 25. Nd5 e4 26. Nxc7 Rxd1 27. Nxe6 Rd3
28. Qc2 Rxe6 29. b5 Ne7 30. Nd4 Re5 31. c5 Nbd5 32. c6 h6 33. c7 Nxe3 34. c8=Q+
Nxc8 35. Qxc8+ Kh7 36. Ne6 h5 37. b6 Nc2 38. Qxc2 Rxe6 39. Qxd3 exd3 40. Rxe6 1-0

[Event "Titled Tue 17th Jun Early"]
[Site "chess.com INT"]
[Date "2025.06.17"]
[Round "5"]
[White "Gubajdullin, Alexei"]
[Black "Mummana Venkata Ruthvik"]
[Result "0-1"]
[WhiteTitle "FM"]
[BlackTitle "CM"]
[WhiteElo "2233"]
[BlackElo "2237"]
[WhiteFideId "4141202"]
[BlackFideId "25697307"]
[EventDate "2025.06.17"]

1. Nf3 Nf6 2. g3 g6 3. Bg2 Bg7 4. O-O O-O 5. d3 d6 6. Nbd2 Nc6 7. e4 e5 8. Nc4
Ne8 9. Ne3 f5 10. exf5 gxf5 11. Nh4 f4 12. Nd5 Be6 13. Qh5 Nf6 14. Nxf6+ Rxf6
15. Nf3 Rg6 16. Bh3 Bxh3 17. Qxh3 Qf6 18. Nh4 Rh6 19. Qg2 Kh8 20. Kh1 Rg8 21.
Qe4 Bf8 22. Bd2 Qg5 23. Nf3 Qh5 24. h4 Rf6 25. Nh2 Bg7 26. Bc3 Rg6 27. Rg1 fxg3
28. fxg3 Bf6 29. Raf1 Bg7 30. Qf5 Qh6 31. Ng4 Rxg4 32. Qf4 exf4 33. Bxg7+ R8xg7 0-1

[Event "Titled Tue 17th Jun Early"]
[Site "chess.com INT"]
[Date "2025.06.17"]
[Round "5"]
[White "Zepeda Berlanga, Jan Enrique"]
[Black "Barrientos, Ernesto"]
[Result "0-1"]
[WhiteTitle "CM"]
[BlackTitle "CM"]
[WhiteElo "1984"]
[BlackElo "2027"]
[WhiteFideId "5132355"]
[BlackFideId "3701247"]
[EventDate "2025.06.17"]

1. e4 c5 2. Nf3 d6 3. d4 cxd4 4. Nxd4 Nf6 5. Nc3 a6 6. Be3 e5 7. Nf3 Be7 8. Bc4
Be6 9. Bxe6 fxe6 10. O-O O-O 11. Qd3 Ng4 12. Rad1 Nxe3 13. Qxe3 Nd7 14. a4 Qb6
15. Qe2 Qxb2 16. Qc4 Nc5 17. Rb1 Qxc2 18. Rfc1 Qd3 19. Qa2 Nxe4 20. Nxe4 Qxe4
21. Qxe6+ Rf7 22. Rxb7 Qxb7 23. h4 Rf8 24. h5 h6 25. Rc4 d5 26. Rg4 Bf6 27. Rg6
Kh8 28. Qg4 e4 29. Nh4 Bxh4 30. Qxh4 Qe7 31. Qg4 d4 32. Re6 Qg5 33. Qxe4 Rxf2
34. Rg6 Rf1+ 35. Kh2 Qxh5+ 36. Kg3 Qf5 0-1

[Event "Titled Tue 17th Jun Early"]
[Site "chess.com INT"]
[Date "2025.06.17"]
[Round "5"]
[White "Barseghyan, Armen Ar."]
[Black "Materia, Marco"]
[Result "0-1"]
[WhiteTitle "IM"]
[BlackTitle "IM"]
[WhiteElo "2348"]
[BlackElo "2489"]
[WhiteFideId "13306707"]
[BlackFideId "45150451"]
[EventDate "2025.06.17"]

1. d4 Nf6 2. Nf3 d5 3. c4 e6 4. Nc3 c6 5. Bg5 h6 6. Bxf6 Qxf6 7. e3 g6 8. Bd3
Nd7 9. O-O Bg7 10. e4 dxc4 11. Bxc4 O-O 12. e5 Qe7 13. Qe2 b5 14. Bd3 Bb7 15.
Ne4 c5 16. Bxb5 cxd4 17. Bxd7 Qxd7 18. Rfd1 Qc7 19. Rac1 Qa5 20. Rxd4 Qxa2 21.
h4 Rab8 22. Nf6+ Bxf6 23. exf6 Bxf3 24. Qxf3 Qxb2 25. Qf4 Kh7 26. Rc7 Rb7 27.
Rdd7 Rxc7 28. Rxc7 Qa3 29. h5 g5 30. Qd4 a5 31. Ra7 Kg8 32. Qe5 a4 33. Qd4 Qc1+
34. Kh2 a3 35. Qb4 Rc8 36. Rxa3 Qc2 37. Qd4 Qf5 38. Ra7 e5 39. Qd6 Qf4+ 40. Kh3
Qh4# 0-1

[Event "Titled Tue 17th Jun Early"]
[Site "chess.com INT"]
[Date "2025.06.17"]
[Round "5"]
[White "Pakleza, Zbigniew"]
[Black "Lisenkov, Svyatoslav"]
[Result "1-0"]
[WhiteTitle "GM"]
[BlackTitle "CM"]
[WhiteElo "2484"]
[BlackElo "2283"]
[WhiteFideId "1119290"]
[BlackFideId "34264183"]
[EventDate "2025.06.17"]

1. d4 Nf6 2. Nf3 g6 3. Bf4 Bg7 4. e3 O-O 5. Be2 d6 6. h3 Nbd7 7. O-O b6 8. a4 a6
9. c3 Bb7 10. Bh2 Ne4 11. Nbd2 Nxd2 12. Nxd2 c5 13. Qb3 Ra7 14. Bf3 Qa8 15. Rfe1
Rc8 16. Bg3 d5 17. Qa3 e5 18. Bg4 Bc6 19. dxe5 Re8 20. f4 d4 21. cxd4 cxd4 22.
exd4 Bxg2 23. Bf3 Bxf3 24. Qxf3 Qd8 25. Ne4 Nf8 26. d5 Rc7 27. Rac1 Rxc1 28.
Rxc1 Qd7 29. Kh2 Qxa4 30. Rc7 Qb5 31. Qg2 Qd3 32. Nd6 Rd8 33. h4 h5 34. f5 a5
35. f6 Bh6 36. Nxf7 Rxd5 37. Nxh6+ Kh8 38. Rc8 Kh7 39. Nf7 1-0

[Event "Titled Tue 17th Jun Early"]
[Site "chess.com INT"]
[Date "2025.06.17"]
[Round "5"]
[White "Karas, Marek"]
[Black "Wan, Yunguo"]
[Result "1/2-1/2"]
[WhiteTitle "FM"]
[BlackTitle "GM"]
[WhiteElo "2215"]
[BlackElo "2501"]
[WhiteFideId "14928558"]
[BlackFideId "8603189"]
[EventDate "2025.06.17"]

1. d4 Nf6 2. Nf3 e6 3. c4 d5 4. Nc3 c6 5. g3 dxc4 6. Bg2 Nbd7 7. O-O b5 8. e4 b4
9. e5 Nd5 10. Ne4 h6 11. Re1 a5 12. Qc2 Ba6 13. Bf1 N7b6 14. Nfd2 Be7 15. Nxc4
Nxc4 16. Bxc4 Bxc4 17. Qxc4 O-O 18. Be3 Qb6 19. Rac1 Rfc8 20. Nc5 Bxc5 21. Qxc5
Qxc5 22. Rxc5 Kf8 23. Rec1 Ra6 24. Kf1 h5 25. Ke2 Ke7 26. h4 Kd7 27. Bd2 Rb8 28.
Kd3 Ne7 29. Bg5 Nd5 30. Bd2 Rbb6 31. Ke2 Rb5 32. Kd3 Rxc5 33. Rxc5 Kc7 34. Ke2
Kb6 35. a4 Ra8 36. b3 Rd8 37. Be3 Rd7 38. Kd3 Ne7 39. Ke4 Rd5 40. Rc4 Kb7 41.
Bg5 Nc8 42. Rc2 Nb6 43. Be3 Nd7 44. f4 f5+ 45. Kf3 c5 46. Rd2 Kc6 47. Ke2 cxd4
48. Bxd4 Nc5 49. Bxc5 Kxc5 50. Rxd5+ Kxd5 51. Kd3 Kc5 52. Ke3 Kd5 53. Kd3 Kc5
54. Ke3 Kd5 55. Kd3 1/2-1/2

[Event "Titled Tue 17th Jun Early"]
[Site "chess.com INT"]
[Date "2025.06.17"]
[Round "5"]
[White "Caku, Kler"]
[Black "Shangin, Lev"]
[Result "1-0"]
[WhiteTitle "WFM"]
[WhiteElo "2010"]
[BlackElo "2169"]
[WhiteFideId "4704703"]
[BlackFideId "55681085"]
[EventDate "2025.06.17"]

1. e4 c5 2. Nf3 d6 3. d4 cxd4 4. Nxd4 Nf6 5. Nc3 a6 6. Be2 e6 7. O-O Be7 8. Be3
O-O 9. Qd2 Nbd7 10. Rad1 Qc7 11. f4 b5 12. Bf3 Bb7 13. g4 b4 14. Nce2 Nxe4 15.
Bxe4 Bxe4 16. Ng3 Bb7 17. Qxb4 Nf6 18. h3 Nd5 19. Qd2 Nxe3 20. Qxe3 Bf6 21. c3
Rac8 22. Nh5 Bxd4 23. Qxd4 Qc5 24. Qxc5 dxc5 25. Rd7 Bd5 26. Rd1 Bxa2 27. R1d6
Bc4 28. Kf2 Bb5 29. Re7 Rcd8 30. Rxd8 Rxd8 31. Rc7 Kf8 32. Rxc5 Rd2+ 33. Ke3
Rxb2 34. Ng3 Ke7 35. Rc7+ Bd7 36. Ne4 Kd8 37. Ra7 Ra2 38. Nc5 Be8 39. Ra8+ Ke7
40. Ra7+ Kd6 41. Rxa6+ Rxa6 42. Nxa6 Bb5 43. Nb4 Bf1 44. h4 Bh3 45. g5 Bf5 46.
Kd4 Bh3 47. Nd3 Bg2 48. Ne5 Ke7 49. Nc4 f6 50. Ne3 Bb7 51. Nc4 fxg5 52. fxg5 h6
53. Ke5 hxg5 54. hxg5 Ba6 55. Nd6 Bf1 56. Nc8+ Kd7 57. Nb6+ Kc6 58. Na4 Bc4 59.
Nb2 Bd5 60. c4 Bg2 61. Kxe6 Be4 62. Kf7 g6 63. Ke6 Kc5 64. Ke5 Bf5 65. Nd1 Kxc4
66. Ne3+ Kc5 67. Nxf5 gxf5 68. Kxf5 Kd6 69. Kf6 Kd7 70. Kf7 1-0

[Event "Titled Tue 17th Jun Early"]
[Site "chess.com INT"]
[Date "2025.06.17"]
[Round "5"]
[White "Rahman, Masruri"]
[Black "Leiva, Gianmarco"]
[Result "1-0"]
[WhiteTitle "FM"]
[BlackTitle "IM"]
[WhiteElo "2407"]
[BlackElo "2387"]
[WhiteFideId "7101163"]
[BlackFideId "3804399"]
[EventDate "2025.06.17"]

1. d4 d5 2. Bf4 e6 3. e3 Bd6 4. Bg3 c5 5. c3 Qc7 6. Nf3 Nd7 7. Nbd2 Ngf6 8. c4
cxd4 9. Nxd4 Bxg3 10. hxg3 O-O 11. Bd3 g6 12. cxd5 Nxd5 13. O-O Ne5 14. Rc1 Qe7
15. Be4 Nf6 16. Qb3 Nxe4 17. Nxe4 b6 18. Qb5 f6 19. Nc6 Nxc6 20. Qxc6 Bb7 21.
Qd6 Rae8 22. Rc7 Qxd6 23. Nxd6 Ba6 24. Nxe8 Bxf1 25. Nxf6+ Rxf6 26. Kxf1 Rf7 27.
Rxf7 Kxf7 28. Ke2 Kf6 29. Kd3 Ke5 30. g4 g5 31. g3 h6 32. f4+ Kd5 33. b4 b5 34.
e4+ Kc6 35. Kd4 Kd6 36. e5+ Kc6 37. Ke4 Kd7 38. f5 exf5+ 39. Kxf5 Ke7 40. e6 a6
41. a3 Ke8 42. Kf6 Kf8 43. e7+ Ke8 44. Ke6 a5 45. bxa5 h5 46. gxh5 b4 47. h6 1-0

[Event "Titled Tue 17th Jun Early"]
[Site "chess.com INT"]
[Date "2025.06.17"]
[Round "5"]
[White "Kozak, Magdalena"]
[Black "Mihajlovskij, Sergei"]
[Result "1-0"]
[WhiteTitle "WIM"]
[WhiteElo "2176"]
[BlackElo "2292"]
[WhiteFideId "1124757"]
[BlackFideId "13500805"]
[EventDate "2025.06.17"]

1. Nf3 g6 2. c4 Bg7 3. d4 d6 4. g3 c5 5. Bg2 Nc6 6. d5 Na5 7. Nbd2 Nf6 8. O-O
Bf5 9. a3 Ne4 10. b4 Bxa1 11. bxa5 O-O 12. Nh4 Nc3 13. Qe1 Na2 14. Nxf5 gxf5 15.
Nb3 Nxc1 16. Nxa1 Na2 17. Qd2 e5 18. dxe6 fxe6 19. Qxa2 Qxa5 20. Rd1 Rfd8 21.
Nb3 Qc7 22. Nd2 Rab8 23. Nf3 Qg7 24. Qd2 h6 25. Qa5 b6 26. Qa4 Qd7 27. Qxd7 Rxd7
28. Ne5 Rdd8 29. Nc6 Rbc8 30. Nxd8 Rxd8 31. e4 fxe4 32. Bxe4 Kf7 33. Kg2 Kf6 34.
f4 Rb8 35. Bc6 Ke7 36. Kf3 Rc8 37. Bb5 Rg8 38. g4 Rf8 39. Ke4 Rf7 40. h3 Rg7 41.
Rf1 h5 42. g5 h4 43. Kf3 e5 44. Kg4 exf4 45. Rxf4 Rh7 46. g6 Rg7 47. Kg5 1-0

[Event "Titled Tue 17th Jun Early"]
[Site "chess.com INT"]
[Date "2025.06.17"]
[Round "5"]
[White "Foldes, Marton Gabor"]
[Black "Rosenbecker, Daniel"]
[Result "1-0"]
[WhiteTitle "FM"]
[BlackTitle "CM"]
[WhiteElo "2295"]
[BlackElo "2109"]
[WhiteFideId "794708"]
[BlackFideId "1718959"]
[EventDate "2025.06.17"]

1. Nf3 Nf6 2. g3 b6 3. Bg2 Bb7 4. d4 e6 5. O-O Be7 6. c4 O-O 7. Nc3 d5 8. Ne5
Nbd7 9. Bf4 c6 10. b3 Nxe5 11. Bxe5 Qd7 12. Qd3 dxc4 13. Qxc4 c5 14. Rfd1 Bxg2
15. Kxg2 Qb7+ 16. Kg1 cxd4 17. Qxd4 Rac8 18. Qf4 Rfd8 19. Rxd8+ Rxd8 20. Rd1
Rxd1+ 21. Nxd1 Qe4 22. Bxf6 Qxf4 23. gxf4 Bxf6 24. Ne3 Kf8 25. Kg2 Ke7 26. Kf3
Kd6 27. Ke4 Kc5 28. Kd3 b5 29. f5 a5 30. fxe6 fxe6 31. Ng4 Be7 32. Ne5 Bd6 33.
Nf3 Kb4 34. Kc2 Ka3 35. Kb1 Bc5 36. e3 a4 37. bxa4 Kxa4 38. h3 Kb4 39. Ng5 e5
40. Kc2 Kc4 41. Nxh7 1-0

[Event "Titled Tue 17th Jun Early"]
[Site "chess.com INT"]
[Date "2025.06.17"]
[Round "5"]
[White "Gogolev, Artem"]
[Black "Roebers, Jan"]
[Result "1-0"]
[WhiteTitle "IM"]
[BlackTitle "FM"]
[WhiteElo "2240"]
[BlackElo "2056"]
[WhiteFideId "4116615"]
[BlackFideId "1007815"]
[EventDate "2025.06.17"]

1. d4 Nf6 2. c4 g6 3. Nf3 Bg7 4. Nc3 O-O 5. Bg5 d6 6. e3 Nc6 7. Be2 h6 8. Bh4 g5
9. Bg3 Nh5 10. Qc2 Nxg3 11. hxg3 f5 12. d5 Ne5 13. Nxe5 dxe5 14. f4 exf4 15.
gxf4 e5 16. O-O-O e4 17. g3 Qf6 18. Rh5 a6 19. Rdh1 Bd7 20. fxg5 hxg5 21. g4 b5
22. c5 b4 23. Nd1 b3 24. axb3 a5 25. d6 cxd6 26. Bc4+ Be6 27. gxf5 Bxc4 28.
Qxc4+ Rf7 29. Rg1 Rc8 30. c6 d5 31. Qxd5 Rxc6+ 32. Kb1 Rd6 33. Qa8+ Rf8 34.
Qxf8+ Kxf8 35. Nc3 Rd2 36. Rhxg5 Rxb2+ 37. Kxb2 Qxc3+ 38. Ka3 Qb4+ 39. Ka2 Qd2+
40. Ka3 Bb2+ 41. Ka2 1-0

[Event "Titled Tue 17th Jun Early"]
[Site "chess.com INT"]
[Date "2025.06.17"]
[Round "5"]
[White "Rustemov, Alexander"]
[Black "Dogan, Umut Anil"]
[Result "1-0"]
[WhiteTitle "GM"]
[BlackTitle "CM"]
[WhiteElo "2525"]
[BlackElo "2060"]
[WhiteFideId "4119002"]
[BlackFideId "51618060"]
[EventDate "2025.06.17"]

1. d4 d5 2. c4 e6 3. Nc3 Nf6 4. Nf3 c5 5. cxd5 exd5 6. Bg5 Be6 7. dxc5 Bxc5 8.
e3 Nc6 9. Bb5 O-O 10. O-O a6 11. Bxc6 bxc6 12. Rc1 Be7 13. Nd4 Bd7 14. Na4 Rc8
15. Nc5 h6 16. Bxf6 Bxf6 17. Nxa6 Ra8 18. Nb4 Qb6 19. a3 Rfc8 20. Qd2 Be6 21.
Rxc6 Rxc6 22. Nbxc6 Rc8 23. Rc1 Bd7 24. Nb4 Rxc1+ 25. Qxc1 Bxd4 26. exd4 Qxd4
27. h3 Be6 28. Nc2 Qe5 29. Ne1 Bf5 30. Qd2 Be4 31. a4 d4 32. a5 Bb7 33. Nd3 Qd5
34. f3 Qb5 35. b4 g5 36. Nc5 Bd5 37. Qxd4 Bc4 38. Qd2 Qc6 39. Ne4 f5 40. Qd8+
Kh7 41. Qe7+ Kg8 42. Nf6+ 1-0

[Event "Titled Tue 17th Jun Early"]
[Site "chess.com INT"]
[Date "2025.06.17"]
[Round "5"]
[White "Jahnz, Laurin"]
[Black "Gong, Qianyun"]
[Result "0-1"]
[WhiteTitle "CM"]
[BlackTitle "WGM"]
[WhiteElo "2221"]
[BlackElo "2228"]
[WhiteFideId "16261089"]
[BlackFideId "8602425"]
[EventDate "2025.06.17"]

1. e4 c5 2. Nf3 Nc6 3. c3 Nf6 4. e5 Nd5 5. g3 d6 6. exd6 Qxd6 7. Bg2 g6 8. O-O
Bg7 9. d4 cxd4 10. Nxd4 Nxd4 11. cxd4 O-O 12. Nc3 Nb6 13. Bf4 Qxd4 14. Qxd4 Bxd4
15. Nb5 Bxb2 16. Rab1 Bf6 17. Nc7 Rb8 18. Nd5 Ra8 19. Nc7 Rb8 20. Nd5 Nxd5 21.
Bxb8 Nc3 22. Rb3 a5 23. Bf4 b5 24. Bd2 b4 25. Bxc3 Bxc3 26. Rxc3 bxc3 27. Rc1
Rd8 28. Bf1 Be6 29. Rxc3 Rd1 30. Kg2 Bd5+ 31. f3 Rd2+ 32. Kh3 Rf2 33. Bc4 Bxf3
34. Ra3 h5 35. Rxa5 Bg4+ 36. Kh4 Rxh2+ 37. Kg5 Kg7 38. Ra7 e6 39. a4 Rf2 40. a5
Rf5+ 41. Kh4 Rc5 42. Bb3 Bf3 43. a6 g5+ 44. Kh3 Rc1 45. g4 h4 0-1

[Event "Titled Tue 17th Jun Early"]
[Site "chess.com INT"]
[Date "2025.06.17"]
[Round "5"]
[White "Wahedi, Ahmad Siar"]
[Black "Subervi, Jonathan Sigfredo"]
[Result "1-0"]
[WhiteTitle "FM"]
[BlackTitle "FM"]
[WhiteElo "2239"]
[BlackElo "2059"]
[WhiteFideId "4651260"]
[BlackFideId "6400345"]
[EventDate "2025.06.17"]

1. e4 e6 2. d4 d5 3. e5 c5 4. c3 Nc6 5. Nf3 Bd7 6. Be2 Rc8 7. O-O cxd4 8. cxd4
Qb6 9. Nc3 Nge7 10. Na4 Qc7 11. b3 Nf5 12. Bb2 Be7 13. Rc1 O-O 14. Nc5 b6 15.
Na6 Qb7 16. a3 Na5 17. Qd3 Rxc1 18. Rxc1 Rc8 19. Rc2 h5 20. h3 h4 21. Qd1 Rxc2
22. Qxc2 Nc6 23. b4 Bd8 24. b5 Na5 25. Nb4 Nc4 26. Bxc4 dxc4 27. Qxc4 Qe4 28. a4
Qb1+ 29. Qc1 Qe4 30. Nc6 Be7 31. Nxe7+ Nxe7 32. Qc7 Qb1+ 33. Bc1 Nd5 34. Qd8+
Kh7 35. Qxh4+ Kg8 36. Qd8+ Kh7 37. Qxd7 Qxc1+ 38. Kh2 Qf4+ 39. Kh1 Qc1+ 40. Ng1
Nf4 41. Qxf7 Ne2 42. Qh5+ Kg8 43. Qxe2 Qa1 44. Qe3 Qxa4 45. Qd3 Qa1 46. Kh2 Qa2
47. Nf3 Qxf2 48. d5 exd5 49. Qxd5+ Kh7 50. e6 Qe3 51. Qf5+ Kh8 52. Ng5 Qc5 53.
Qh7# 1-0

[Event "Titled Tue 17th Jun Early"]
[Site "chess.com INT"]
[Date "2025.06.17"]
[Round "5"]
[White "Carrasco Miranda, Andres"]
[Black "Thipsay, Bagyashree Sathe"]
[Result "1-0"]
[WhiteTitle "CM"]
[BlackTitle "WIM"]
[WhiteElo "2211"]
[BlackElo "2075"]
[WhiteFideId "3405990"]
[BlackFideId "5001013"]
[EventDate "2025.06.17"]

1. c4 e6 2. g3 d5 3. Bg2 Nf6 4. Nf3 c5 5. O-O Nc6 6. cxd5 exd5 7. d4 Be7 8. Nc3
O-O 9. dxc5 Bxc5 10. Na4 Be7 11. Be3 Bg4 12. Rc1 Re8 13. Nd4 Qd7 14. f3 Bd6 15.
Bf2 Be6 16. Nc5 Bxc5 17. Rxc5 Ne5 18. Nxe6 fxe6 19. Qc2 Rac8 20. Rc1 Nc4 21.
Rxc8 Rxc8 22. Bh3 Rc6 23. Qa4 Nxb2 24. Rxc6 bxc6 25. Qxa7 Qxa7 26. Bxa7 Kf7 27.
Bd4 Na4 28. e4 c5 29. Bxf6 gxf6 30. exd5 exd5 31. Kf2 Nc3 32. a3 d4 33. Bf1 Ke7
34. Bc4 Kd6 35. f4 h6 36. g4 Nb1 37. a4 Nd2 38. Ba2 Ne4+ 39. Kf3 Nc3 40. Bb3 d3
41. Ke3 1-0

[Event "Titled Tue 17th Jun Early"]
[Site "chess.com INT"]
[Date "2025.06.17"]
[Round "5"]
[White "Indjic, Aleksandar"]
[Black "Atanasov, Anthony"]
[Result "0-1"]
[WhiteTitle "GM"]
[BlackTitle "IM"]
[WhiteElo "2661"]
[BlackElo "2417"]
[WhiteFideId "911925"]
[BlackFideId "2623897"]
[EventDate "2025.06.17"]

1. e4 e5 2. Nf3 Nf6 3. d4 Nxe4 4. Bd3 d5 5. Nxe5 Nd7 6. Nc3 Nxe5 7. dxe5 Bb4 8.
O-O Nxc3 9. bxc3 Bxc3 10. Ba3 Bxa1 11. Qxa1 Be6 12. Rb1 a6 13. Rxb7 Qc8 14. Qb2
c5 15. Qb6 O-O 16. Rc7 Qb8 17. Qxc5 Qb1+ 18. Bf1 Rfc8 19. f3 Qxa2 20. Bb4 Rxc7
21. Qxc7 a5 22. Be7 Rc8 23. Qb6 a4 24. Qe3 Qxc2 25. h4 Qb3 26. Qg5 h6 27. Qg3 a3
28. Bf6 g6 29. Qf4 Kh7 30. h5 a2 31. hxg6+ fxg6 32. Bh4 Qb6+ 33. Bf2 Qxf2+ 34.
Kxf2 a1=Q 35. Qf6 Qa7+ 36. Kg3 Qf7 37. Qh4 g5 38. Qd4 Qf4+ 39. Qxf4 gxf4+ 40.
Kxf4 Rc3 41. g4 Kg6 42. Kg3 Kg5 43. Be2 Bxg4 0-1

[Event "Titled Tue 17th Jun Early"]
[Site "chess.com INT"]
[Date "2025.06.17"]
[Round "5"]
[White "Gutierrez Olivares, Daniel"]
[Black "Shuvalov, Evgenij"]
[Result "0-1"]
[WhiteTitle "FM"]
[WhiteElo "2354"]
[BlackElo "1986"]
[WhiteFideId "2264005"]
[BlackFideId "4187237"]
[EventDate "2025.06.17"]

1. Nf3 Nf6 2. g3 g6 3. Bg2 Bg7 4. O-O O-O 5. d3 d5 6. Nbd2 c5 7. e4 e6 8. Re1
Nc6 9. a3 a5 10. a4 b6 11. exd5 exd5 12. c3 Ba6 13. Qc2 Rc8 14. Nf1 d4 15. c4
Nb4 16. Qb3 Bb7 17. Bd2 Nd7 18. Bxb4 cxb4 19. Qc2 Nc5 20. b3 Qf6 21. N1d2 Qf5
22. Nh4 Qd7 23. Bxb7 Qxb7 24. Ne4 Rfe8 25. Nxc5 bxc5 26. Qd1 Bf6 27. Ng2 Bg5 28.
h4 Bh6 29. h5 Kg7 30. Qg4 Rcd8 31. Nh4 Kf8 32. hxg6 hxg6 33. Nf3 Kg7 34. Nh4 Kf8
35. f4 Qd7 36. f5 Re3 37. Rxe3 dxe3 38. Rf1 Kg8 39. Kh2 g5 40. Nf3 f6 41. Qe4
Re8 42. Qg4 Qxd3 43. Re1 e2 44. Qh5 Re7 45. Qxh6 Qxf3 46. Qg6+ Rg7 47. Qxf6 Qf2+
48. Kh3 Qxe1 49. Qd8+ Kh7 50. f6 g4+ 0-1

[Event "Titled Tue 17th Jun Early"]
[Site "chess.com INT"]
[Date "2025.06.17"]
[Round "5"]
[White "Ivanov, Andrey A."]
[Black "George, Kevin"]
[Result "0-1"]
[WhiteTitle "CM"]
[BlackTitle "IM"]
[WhiteElo "2120"]
[BlackElo "2327"]
[WhiteFideId "2514311"]
[BlackFideId "10669515"]
[EventDate "2025.06.17"]

1. Nf3 Nf6 2. d4 c5 3. d5 b5 4. c4 Bb7 5. Nc3 b4 6. Na4 e6 7. d6 Ne4 8. Bf4 g5
9. Bg3 Qa5 10. b3 Bg7 11. Be5 f6 12. Bb2 g4 13. Nh4 Bc6 14. f3 Bxa4 15. fxe4 Bc6
16. e3 h5 17. Bd3 Na6 18. e5 f5 19. Qe2 O-O-O 20. Ng6 Rh6 21. Ne7+ Kb7 22. Nxc6
Kxc6 23. e4 f4 24. Bc1 Bxe5 25. Rb1 Rf6 26. Qc2 Rdf8 27. Rf1 f3 28. g3 Qd8 29.
Be3 Bxd6 30. e5 Bxe5 31. Be4+ d5 32. cxd5+ exd5 33. Bd3 Bc3+ 34. Kf2 d4 35. Bg5
Nc7 36. Bxf6 Qxf6 37. Be4+ Kb6 38. Qd3 h4 39. a4 Qh6 40. Rh1 Bd2 41. a5+ Kxa5
42. Ra1+ Kb6 43. Ra2 Be3+ 44. Kf1 hxg3 45. Qc2 g2+ 0-1

[Event "Titled Tue 17th Jun Early"]
[Site "chess.com INT"]
[Date "2025.06.17"]
[Round "5"]
[White "Grandelius, Nils"]
[Black "Mrudul, Dehankar"]
[Result "1-0"]
[WhiteTitle "GM"]
[BlackTitle "WIM"]
[WhiteElo "2643"]
[BlackElo "2078"]
[WhiteFideId "1710400"]
[BlackFideId "25096990"]
[EventDate "2025.06.17"]

1. d4 Nf6 2. c4 e6 3. Nc3 Bb4 4. Qc2 d5 5. cxd5 exd5 6. Bf4 O-O 7. e3 c5 8. dxc5
Nc6 9. Nf3 Ne4 10. Bd3 Bf5 11. O-O Bxc3 12. bxc3 Qa5 13. Nd4 Bg6 14. Rfc1 Qxc5
15. Rab1 Qe7 16. Nb5 Rac8 17. Qb2 Rfd8 18. Nd4 Nc5 19. Bxg6 hxg6 20. Qa3 b6 21.
Nxc6 Rxc6 22. h3 Qd7 23. c4 Ne4 24. cxd5 Rxc1+ 25. Rxc1 Qxd5 26. f3 Nc5 27. Qxa7
Qd2 28. Rf1 Nd3 29. Bg5 f6 30. Qxb6 Ne1 31. Qe6+ Kh7 32. Qg4 fxg5 33. Qxg5 Nc2
34. Qh4+ Kg8 35. Qc4+ Kh7 36. Qh4+ Kg8 37. Qf2 Qxe3 38. Qxe3 Nxe3 39. Ra1 Rd2
40. a4 Rxg2+ 41. Kh1 Rb2 42. a5 1-0